各都道府県最高地点がある市町村 - Statistics

General Stats
  • This quiz has been taken 101 times
  • The average score is 22 of 47
Answer Stats
都道府県 市町村 % Correct
静岡県 富士宮市
81%
東京都 奥多摩町
78%
石川県 白山市
71%
神奈川県 相模原市/山北町
69%
岐阜県 高山市
69%
富山県 立山町
67%
福井県 大野市
67%
栃木県 日光市
65%
埼玉県 秩父市
63%
愛知県 豊根村
61%
和歌山県 田辺市
61%
滋賀県 米原市
56%
鳥取県 大山町
56%
京都府 京都市
54%
愛媛県 西条市/久万高原町
54%
宮城県 蔵王町
53%
長野県 松本市
53%
岩手県 八幡平市/滝沢村
51%
福島県 檜枝岐村
51%
大阪府 千早赤阪村
51%
青森県 弘前市
50%
秋田県 由利本荘市
50%
山梨県 鳴沢村
50%
徳島県 美馬市/三好市/那賀町
50%
群馬県 片品村
46%
山口県 岩国市
44%
茨城県 大子町
43%
香川県 まんのう町
42%
奈良県 天川村/上北山村
40%
千葉県 南房総市
38%
新潟県 糸魚川市
38%
兵庫県 養父市
38%
岡山県 美作市
38%
長崎県 島原市
36%
広島県 安芸太田町
35%
山形県 遊佐町
33%
鹿児島県 屋久島町
33%
三重県 大台町
32%
宮崎県 高千穂町
31%
沖縄県 石垣市
29%
島根県 益田市
28%
福岡県 八女市
25%
北海道 東川町
24%
大分県 竹田市
24%
佐賀県 鹿島市/太良町
13%
高知県 香美市
8%
熊本県 八代市
6%
No matching quizzes found
Score Distribution
Percent of People with Each Score
Percentile by Number Answered
Your Score History
You have not taken this quiz